000 00615nam a2200181Ia 4500
008 100921s9999 xx 000 0 und d
082 _b41175
_a891.463 न 06
100 _aब्रह्मांडकर उज्वल.
245 _aसंभ्रम.
260 _bमनोरमा प्रकाशन,मुंबई.
_c2006
300 _a198
_bजयेश एजन्सी,पुणे.
365 _b200
520 _aललित-कादंबरी.
630 _aसंभ्रम.
650 _aललित-कादंबरी.
730 _aसंभ्रम.
942 _cBOOK
999 _c790288
_d790285